000 00488nam a2200193Ia 4500
003 GCL
008 140319s9999 xx 000 0 eng d
040 _aGCL /
_cGCL
082 0 4 _a004.6
_bL C
100 1 _aLEVITUS, BOB
245 1 0 _aCHEAP AND EASY INTERNET ACCESS /
_cLEVITUS, BOB
700 1 _aEVANS, JEFF
260 _a[S.N] :
_bA P PROFESSIONAL ،
_c1996
300 _a349 P
650 0 4 _aشعر الحرب
650 0 4 _aCOMMUNICATION
650 0 4 _aINTERNET
942 _2ddc
_cBK
999 _c13194
_d13194